000 00728nam a2200241Ia 4500
003 OSt
005 20220918175429.0
006 a|||||r|||| 00| 0
007 ta
008 220917b |||||||| |||| 00| 0 eng d
024 _a17,133
037 _cTextual
040 _aARTS
_cARTS
_beng
041 _2eng
_aeng
082 _aQ11-14:210C4, K1
100 _aBlair Chauncey J
_953877
245 0 _aHeat in the Rgveda and Atharvaveda
_b a general survey with particular attention to some aspects and problems
260 _c1961
490 _aAmerican oriental series ed by Edward H Schafer; 45
650 _aRELIGION
942 _hQ11-14:210C4, K1
_cTEXL
_2CC
999 _c157411
_d157411